[Event "58. BEM 2004"]
[Site "Dortmund"]
[Date "2004.03.15"]
[Round "7.25"]
[White "Zabel, Reinhard"]
[Black "Krüger, Inge"]
[Result "1-0"]
[WhiteElo "1511"]
[BlackElo "1335"]
[Annotator "Fritz 7 (15s)"]
[PlyCount "93"]
[EventDate "2004.??.??"]
[Source "SG Dortmund"]
[SourceDate "2004.12.16"]

{C01: French: Exchange Variation
} 1. e4 e6 2. d4 d5 3. exd5 exd5 4. Nf3 Nf6 5.
Bd3 Be7 6. O-O O-O 7. Nc3 (7. Bf4 Bg4 8. h3 Bh5 9. Nbd2 Nbd7 10. c3 c6 {
1/2-1/2 Cramling,P-Klinger,J/Bern 1991/CBM 22 (10)}) 7... Nbd7 $146 (7... c6 8.
h3 b5 9. Bf4 Nbd7 10. Ne2 a5 11. a3 Nb6 12. b3 a4 13. b4 Nc4 14. Bxc4 dxc4 15.
c3 Nd5 16. Bg3 Bf5 17. Rc1 Bd6 18. Re1 Qc7 19. Bxd6 Qxd6 20. Ng3 Bg6 21. Ne5
Rae8 22. Qd2 Re6 23. Nxg6 Rxg6 24. Re2 Nf4 25. Re3 h5 26. Rf3 Nxh3+ 27. Kf1 Ng5
28. Rf5 h4 29. Rxg5 hxg3 30. fxg3 Qf6+ {
0-1 Koerver,E-Oettinger,H/Seefeld 2001/EXT 2002 (30)}) (7... Bg4 8. h3 Bh5 (
8... Be6 9. Ng5 c5 10. Re1 Qd7 11. Nxe6 fxe6 12. Bb5 Nc6 13. Bxc6 bxc6 14. Na4
cxd4 15. Qxd4 Rac8 16. Nc3 Rce8 17. Bf4 Bd8 18. Na4 Qf7 19. Bd6 Be7 20. Bxe7
Rxe7 21. Nc5 Nh5 22. Nd3 Nf4 23. Nxf4 {
Von Gottschall,H-Swiderski,R/Hannover 1902/HCL/1/2-1/2 (58)}) 9. g4 Bg6 10. Ne5
Bxd3 11. Qxd3 c6 12. Bf4 Nfd7 13. Nf3 h6 14. Rae1 Bf6 15. Ne2 Re8 16. Ng3 Rxe1
17. Rxe1 Nf8 18. Nh5 Nbd7 19. c3 Ne6 20. Bd2 Ng5 21. Nxf6+ Qxf6 22. Nxg5 {
Dongart,D-Gozzi,G/Copenhagen 1999/CBM 71 ext/1-0 (64)}) 8. Re1 c6 {
Nimmt Einfluss auf b5} 9. Bg5 Re8 10. Qd2 Ne4 $2 (10... Nf8 $142 $5 $11 {
ist bedenkenswert}) 11. Nxe4 dxe4 12. Bxe7 Rxe7 13. Rxe4 Rxe4 14. Bxe4 Nf6 15.
Qd3 h6 16. Re1 Be6 17. Bf5 Bd5 18. Nd2 Qd6 19. c4 Be6 20. Bxe6 fxe6 21. Nf3 Re8
22. c5 Qd5 23. Qb3 Qxb3 24. axb3 Nd5 25. Kf1 Nf4 26. Rd1 Kf7 27. g3 Nd5 28. Ke2
Kf6 29. Ne5 h5 30. Rd3 Ke7 31. Rf3 Nf6 32. Kd3 Kd8 33. h3 Kc7 34. Nc4 b6 35. b4
Rd8 36. Re3 Re8 37. Nd6 Re7 38. Nf5 Rd7 (38... Rf7 39. Rxe6 Nd5 40. Ke4 Nxb4
41. Rg6 bxc5 42. Rxg7 Rxg7 43. Nxg7 $18) 39. Rxe6 Nd5 40. Kc4 b5+ 41. Kb3 Rf7
42. g4 hxg4 43. hxg4 Kd7 (43... Rf6 44. Rxf6 gxf6 $18) 44. Rg6 Ne7 45. Nxe7
Rxe7 46. f4 Re3+ 47. Ka2 (47. Ka2 Re7 48. f5 $18) 1-0

[Event "58. BEM 2004"]
[Site "Dortmund"]
[Date "2004.03.15"]
[Round "7.28"]
[White "Thiemig, Rolf"]
[Black "Rutmann, Ulrich"]
[Result "0-1"]
[WhiteElo "1278"]
[BlackElo "1296"]
[Annotator "Fritz 7 (15s)"]
[PlyCount "80"]
[EventDate "2004.??.??"]
[Source "SG Dortmund"]
[SourceDate "2004.12.16"]

{A01: Nimzowitsch-Larsen Opening
} 1. b3 e5 2. Bb2 Nc6 3. e3 Bb4 (3... f5 4.
Bb5 d6 5. d4 Bd7 6. dxe5 dxe5 7. Nf3 e4 8. Nd4 Nxd4 9. Qxd4 Nf6 10. Nd2 Be7 11.
Bc4 b5 12. Be2 O-O 13. c4 c6 14. h3 Ne8 15. Qc3 Bf6 16. Qc2 Bxb2 17. Qxb2 Qg5
18. g3 Qe7 19. a4 Nd6 20. Qd4 a6 21. axb5 axb5 22. Rxa8 Rxa8 23. cxb5 Kh8 24.
bxc6 Bxc6 25. O-O Nf7 26. Nc4 Ra2 27. Qb6 Be8 28. Re1 h6 29. h4 Kh7 30. Kg2 Bd7
31. Bh5 Be6 32. Rb1 g6 33. Bd1 Qd7 34. Qd4 Qxd4 35. exd4 Bxc4 36. bxc4 e3 37.
Rb7 Rxf2+ 38. Kg1 {Nikolac,J-Rogers,I/Eerbeek 1978/MCD/1-0 (67)}) 4. a3 (4. Nf3
d6 5. Bb5 a6 6. Bc4 Nf6 7. O-O Bg4 8. d3 d5 9. a3 Bd6 10. h3 Be6 11. Nxe5 Nxe5
12. d4 Nxc4 13. bxc4 dxc4 14. Qf3 O-O 15. e4 Be7 16. d5 Bc8 17. Nd2 c6 18. Nxc4
cxd5 {Kaczenski,B-Abawi,A/Hamburg 1999/EXT 2000/0-1 (32)}) 4... Be7 $146 (4...
Ba5 5. c4 d6 6. f4 f6 7. Bd3 Qd7 8. Qh5+ Qf7 9. Qh4 Nge7 10. Nh3 Nf5 11. Qf2
O-O 12. g4 Nh6 13. f5 Bb6 14. Qh4 Re8 15. Nc3 Kh8 16. O-O-O Ne7 17. Rdf1 Nhg8
18. Rhg1 g5 19. fxg6 Nxg6 20. Bxg6 Qxg6 21. Nd5 Rf8 22. g5 f5 23. Nhf4 Qg7 24.
Nh5 Qf7 25. g6 hxg6 26. Nhf6+ Kg7 27. Qh7# {
1-0 Klawitter,B-Ungur,A/Hamburg 1997/EXT 2002 (27)}) 5. Bb5 d6 6. Nf3 Bd7 7.
O-O a6 8. Be2 h6 {Ueberdeckt g5} 9. d4 Bf6 10. dxe5 dxe5 11. Nbd2 Qe7 12. Ne4
O-O-O 13. Qe1 Bf5 14. Bd3 Bg5 15. b4 f6 (15... Bg6 $5 $16) 16. Qc3 Bg4 17.
Nfxg5 hxg5 18. Bxa6 $1 {Beseitigt den Bauernschutz} 18... f5 $4 {
der letzte Fehler} (18... bxa6 {Eine Ablenkung} 19. Qxc6) 19. Nc5 (19. Qxc6
$142 $1 {machte sofort alles klar} 19... fxe4 20. Rad1 Rxd1 21. Qxb7+ Kd7 22.
Qc8+ Kd6 23. Rxd1+ Bxd1 24. Bb5 $18) 19... bxa6 $11 20. Nxa6 Qd6 21. Nc5 {
Schoenes Feld c5!} 21... Nf6 22. Qc4 Nb8 23. f3 {Kontrolliert e4} 23... Bh5 24.
Qb5 (24. Rad1 $5 {ist zu ueberlegen} 24... Nd5 25. Rd3 $11) 24... Qb6 $15 25.
Qxb6 cxb6 26. Ne6 Rd2 27. Rac1 (27. Nxg7 Bg6 (27... Rxc2 $143 28. Bxe5 Nbd7 29.
Rac1 Rxc1 30. Rxc1+ Kb7 31. Rc7+ (31. Nxh5 $6 Rxh5 32. Rc7+ Ka6 $11) 31... Ka6
32. Bc3 $16) 28. Bxe5 Nbd7 29. Bxf6 Nxf6 $11) 27... Nd5 (27... g4 28. Bxe5 gxf3
29. gxf3 $17) 28. Bxe5 $2 (28. Rf2 $142 {und Weiss kann noch kaempfen} 28...
Rxf2 29. Kxf2 $11) 28... Re8 $19 29. Nxg7 Rxe5 30. Nxh5 Rxe3 (30... Nxe3 31.
Rf2 Nd1 32. Rf1 $19) 31. Ng3 Ne7 32. Rf2 Rxf2 33. Kxf2 Rxa3 34. c4 Ra2+ 35. Ne2
Nbc6 36. Kf1 Nxb4 37. c5 (37. Nc3 Rd2 $19) 37... b5 (37... Ned5 $142 $5 {
ist genauer} 38. cxb6+ Kb7 39. Nc3 Ne3+ 40. Kg1 Rxg2+ 41. Kh1 $19) 38. Rb1 (38.
Nc3 {waere gleichermassen fruchtlos} 38... Ra5 $19) 38... Ned5 39. Nd4 (39. Rb3
$19 {wuerde die Partie unwesentlich verlaengern}) 39... Ne3+ 40. Ke1 Nd3# 0-1

[Event "58. BEM 2004"]
[Site "Dortmund"]
[Date "2004.03.18"]
[Round "8.1"]
[White "Eismont, Igor"]
[Black "Gorval, Evgueni"]
[Result "0-1"]
[WhiteElo "2230"]
[BlackElo "2089"]
[Annotator "Fritz 7 (15s)"]
[PlyCount "122"]
[EventDate "2004.??.??"]
[Source "SG Dortmund"]
[SourceDate "2004.12.16"]

{E72: King's Indian: 4 e4 d6 5 g3
} 1. d4 Nf6 2. c4 g6 3. Nc3 Bg7 4. e4 d6 5.
g3 c5 6. d5 O-O 7. Bg2 Na6 8. Nge2 Nc7 9. a4 (9. O-O Rb8 10. a4 a6 11. Qb3 b6
12. Re1 Bd7 13. f4 b5 14. axb5 axb5 15. cxb5 Nxb5 16. Nxb5 Bxb5 17. Qc2 Bxe2
18. Rxe2 Qb6 19. e5 dxe5 20. fxe5 Ng4 21. Bf4 c4+ 22. Kh1 Qb3 23. Rae1 Qb4 {
Barberi,A-Ausmins,E/Genova 2000/EXT 2001/0-1 (40)}) 9... b6 10. O-O a6 11. h3
$146 {Verhindert das Eindringen auf g4} (11. f4 Rb8 12. Qd3 b5 13. axb5 axb5
14. cxb5 Bd7 15. h3 Nxb5 16. Be3 Qc7 17. Ra2 Nxc3 18. bxc3 Rb3 19. Qc2 Rfb8 20.
Rfa1 Qb6 21. Kf2 h5 22. Kg1 Rb2 23. Rxb2 Qxb2 24. Ra2 Qxc2 25. Rxc2 Rb1+ 26.
Kf2 Bb5 27. e5 {1/2-1/2 Gerusel,M-Keene,R/Dortmund 1973/MCL (27)}) 11... Rb8
12. Be3 Nd7 13. b3 b5 14. Rb1 bxc4 15. bxc4 Rb4 16. Na2 Rxb1 ({
Schwaecher scheint} 16... Rxc4 17. Qb3 Rd4 18. Bxd4 cxd4 19. Qb4 $16) 17. Qxb1
Na8 18. Qc2 a5 19. f4 Ba6 20. Bd2 Ndb6 21. Bxa5 Qd7 {
Der isolierte Bauer a4 geraet unter Druck} 22. Bc3 Qxa4 23. Qxa4 Nxa4 24. Bxg7
Kxg7 25. Nac3 Nb2 {Mit der Idee Sa4-b2-d3-b4} 26. Ra1 Bxc4 27. Ra7 Re8 28. Rb7
Nd3 29. Bf1 Ba6 30. Ra7 Nb4 {Schwarz besetzt das Schluesselfeld b4} 31. Na4 Kf8
32. Nec3 Bxf1 33. Kxf1 Rb8 34. Ke2 f5 35. e5 Nb6 36. Nxb6 Rxb6 37. exd6 (37.
Ra8+ $5 {ist zu beachten} 37... Kf7 38. e6+ Kg7 39. Ra7 $11) 37... Rxd6 $17 38.
Rc7 Na6 (38... Nxd5 $5 {ist zu pruefen} 39. Rxc5 Nf6 $17) 39. Rc8+ Kf7 40. Kd3
Rb6 41. Ra8 h5 42. h4 Kg7 43. Ra7 Kf6 44. Na4 Rd6 45. Kc4 {
Greift den Isolani c5 an} 45... e6 46. Kb5 {Aktiver Koenig im Endspiel} 46...
Nb8 (46... exd5 $2 {laeuft nicht} 47. Rxa6 Rxa6 48. Kxa6 $18) 47. dxe6 Kxe6 48.
Nxc5+ Kd5 49. Rg7 Nc6 50. Nd7 (50. Nb3 Rd8 $11) 50... Nd4+ $15 51. Kb4 Ne2 52.
Ne5 Rb6+ 53. Ka5 Rb3 54. Rxg6 (54. Rd7+ $5 {ist erwaegenswert} 54... Ke4 55.
Rd2 Nxg3 56. Nxg6 $17) 54... Rxg3 $17 55. Rf6 Nxf4 56. Nf7 Ke4 (56... Rg4 $5
$17) 57. Nd6+ $15 Ke5 58. Rxf5+ Kxd6 59. Rxf4 Rg4 60. Rf5 $4 {
danach wendet sich das Blatt} (60. Rb4 $142 $11 {
damit waere Weiss im Spiel geblieben}) 60... Rxh4 $19 61. Kb5 Ke6 (61... Ke6
62. Rc5 Rh2 $19) 0-1

[Event "58. BEM 2004"]
[Site "Dortmund"]
[Date "2004.03.18"]
[Round "8.2"]
[White "Borjini, Mohamed"]
[Black "Ziperstein, Jakob"]
[Result "0-1"]
[WhiteElo "1918"]
[BlackElo "1831"]
[Annotator "Fritz 7 (15s)"]
[PlyCount "98"]
[EventDate "2004.??.??"]
[Source "SG Dortmund"]
[SourceDate "2004.12.16"]

{E72: King's Indian: 4 e4 d6 5 g3
} 1. d4 Nf6 2. c4 g6 3. Nc3 Bg7 4. e4 O-O 5.
g3 d6 6. Bg2 Nc6 7. Nge2 e5 8. d5 Ne7 9. O-O Nh5 10. h3 (10. Be3 f5 11. Qd2 Nf6
12. f3 Bd7 13. Rac1 h5 14. h4 b6 15. b4 a5 16. a3 axb4 17. axb4 fxe4 18. fxe4
Kh7 19. c5 bxc5 20. bxc5 Neg8 21. c6 Bc8 22. Ra1 Ba6 23. Bf3 Nh6 24. Kg2 Nfg4 {
Pfleger,H-Dresen,U/Germany 1986/GER-chT/1-0 (44)}) (10. Bg5 f6 11. Bd2 f5 12.
f3 Nf6 13. Qc1 c6 14. Rb1 Bd7 15. Bg5 fxe4 16. fxe4 Qb6+ 17. Be3 Qb4 18. dxc6
Bxc6 19. Nd5 Nexd5 20. exd5 Bd7 21. b3 Bf5 22. a3 Qa5 23. b4 Qc7 24. Rxf5 gxf5
{Grom,W-Mauro,A/Latschach 2001/EXT 2002/0-1 (45)}) 10... f5 11. exf5 gxf5 12.
f4 $146 (12. Bg5 h6 13. Bh4 Nf6 14. f4 Ng6 15. fxe5 Nxh4 16. exf6 {
1-0 Petek,P-Richter,N/Stockerau 1993/EXT 97 (16)}) 12... Ng6 13. Bf3 Nf6 14.
Be3 Rf7 15. Qd2 Qf8 16. Kh2 Bd7 17. Rac1 b6 {Deckt c5} 18. b4 Re8 19. Nb5 Bxb5
20. cxb5 Rfe7 {Schwarz plant e4} 21. Rc6 {Der Turm dominiert} 21... Qf7 22. Rd1
Bh6 23. Qc2 {Mit Angriff auf den rueckstaendigen Bauern} (23. Rc2 $5 $11 {
muss beachtet werden}) 23... e4 24. Bg2 Nxd5 25. Bd2 Bg7 26. Rc1 {
Der rueckstaendige Bauer wird zur Angriffsmarke} 26... Rd7 27. Qa4 Nge7 28.
R6c2 Nc8 29. Qb3 Ree7 30. Be3 (30. a4 $5 $15 {ist eine Alternative}) 30... Nxe3
$17 31. Qxe3 d5 32. Nd4 Bxd4 33. Qxd4 Qg7 34. Rd1 Qxd4 35. Rxd4 Kf7 36. g4 Kf6
37. a4 Ke6 38. Kg3 Rg7 39. g5 Ne7 40. h4 Kd6 41. Rcd2 Rg8 42. h5 Rc8 43. Bh3
Ke6 44. Kh4 (44. Rd1 $142 $19) 44... c5 $1 {war die Absicht} 45. bxc6 (45. bxc5
bxc5) 45... Rxc6 46. Rg2 Rc3 47. g6 (47. Rg3 Rxg3 48. Kxg3 $19) 47... hxg6 48.
hxg6 Rd8 49. g7 Kf7 (49... Kf7 50. Rg5 Rf3 51. Bxf5 Rxf4+ 52. Bg4 Rg8 $19) (
49... Rf3 $142 $19 {entschiede die Partie sofort}) 0-1

[Event "58. BEM 2004"]
[Site "Dortmund"]
[Date "2004.03.18"]
[Round "8.3"]
[White "Zimmermann, Dirk"]
[Black "Litwak, Aleksej"]
[Result "1/2-1/2"]
[WhiteElo "2025"]
[BlackElo "2067"]
[Annotator "Fritz 7 (15s)"]
[PlyCount "106"]
[EventDate "2004.??.??"]
[Source "SG Dortmund"]
[SourceDate "2004.12.16"]

{E00: Catalan Bogo-Indian (3 g3 Bb4+)
} 1. d4 Nf6 2. c4 e6 3. g3 c5 4. d5 b5 5.
Bg2 Bb7 6. e4 bxc4 7. Nc3 exd5 8. exd5 d6 9. Nh3 $146 (9. Nge2 Nbd7 10. Qa4 Be7
11. O-O O-O 12. Qxc4 Qa5 13. Rd1 Rab8 14. Nf4 Rfe8 15. Bd2 Ba6 16. Qa4 Qb6 17.
Rab1 Ne5 18. Be1 Bc8 19. Ne4 Bf5 20. Bc3 Nxe4 21. Bxe4 Bg4 22. Re1 Nf3+ 23.
Bxf3 Bxf3 24. Re3 Bg4 25. Rbe1 Bd7 {
1-0 Kramer,M-Plenkovic,Z/Pula 1998/EXT 2000 (25)}) 9... Be7 10. O-O O-O 11. f4
Nbd7 12. g4 Nb6 13. g5 {Weiss erobert Raum} 13... Nfd7 14. f5 Ne5 15. Be4 Bc8
16. Bf4 f6 {Nimmt Einfluss auf e5} 17. g6 (17. Qh5 $142 $5 $14 {
und Weiss spielt mit}) 17... hxg6 $17 18. Bxe5 fxe5 (18... dxe5 $2 {
ist naheliegend und schlecht} 19. fxg6 Qd7 20. Bf5 Qxf5 21. Rxf5 Bxf5 22. Qh5
Bxg6 23. Qxg6 $18) 19. fxg6 Rxf1+ (19... Bxh3 $2 {ist einladend aus, doch} 20.
Qh5 Rxf1+ 21. Rxf1 $18) 20. Qxf1 Bh4 (20... Qf8 $142 $5 {lohnt die Pruefung}
21. Qg2 Qf6 $15) 21. Qf7+ $14 Kh8 22. Qf3 Bg5 23. Rf1 Bxh3 24. Qxh3+ Bh6 25.
Rf5 Nd7 26. Bg2 Nf8 27. Qh5 Qe8 (27... Kg8 $142 $5 $11 {ist noch spielbar}) 28.
Ne4 $16 Rd8 $2 (28... Qb8 $5 $16) 29. Ng5 (29. Rf7 $5 {
waere im Gewinnsinne praeziser} 29... c3 30. bxc3 Qb5 31. Nxd6 Qb6 $18) 29...
Rd7 30. Nf7+ Rxf7 31. gxf7 Qe7 32. Be4 a5 33. h4 a4 34. Kg2 Qb7 $6 {
leistet keine Gegenwehr} (34... Nd7 35. Rf2 $18) 35. Rf2 (35. Rg5 Qxf7 36. Qxf7
g6 37. Bxg6 c3 38. Rh5 Nxg6 39. Rxh6#) 35... Qe7 36. Kg3 a3 37. bxa3 Qa7 38.
Qf3 (38. Kh2 $142 {und aller Vorteil laege nun bei Weiss} 38... Qe7 39. a4 $18)
38... Bf4+ $16 39. Kg2 Qxf7 40. Rc2 g6 41. Rxc4 Qa7 42. Rc2 Kg7 43. Kh3 Qa4 44.
Rg2 Qd4 45. Bxg6 (45. a4 $142 $16) 45... Qa1 $4 (45... Nxg6 $142 {
bringt noch Rettung} 46. h5 Bg5 $14) 46. Bb1+ $18 Kf6 47. Qd3 Kf7 (47... e4 {
hilft allerdings auch nicht} 48. Qxe4 Be5 49. h5 $18) 48. Qb3 (48. Qf5+ Ke7 49.
Rg7+ Kd8 50. Qxf8#) 48... Qd4 (48... e4 {ist ein letzter Versuch} 49. Rf2 Qe5
$18) 49. Qb7+ Ke8 50. Qc8+ Kf7 51. Qc7+ (51. Bg6+ $1 Nxg6 52. Qe6+ Kf8 53. Qf6+
Ke8 54. Qxg6+ Kd8 55. Qg8+ Kc7 56. Rg7+ Kb6 57. Qb8+ Ka5 58. Ra7#) 51... Ke8
$18 52. Qc8+ (52. Qxd6 $142 {und Weiss haette es noch leichter} 52... Qe3+ 53.
Kg4 $18) 52... Kf7 53. Qf5+ (53. Bg6+ $1 Nxg6 54. Qe6+ Kf8 55. Qf6+ Ke8 56.
Qxg6+ Kd8 57. Qg8+ Kc7 58. Rg7+ Kb6 59. Qb8+ Ka5 60. Ra7#) 53... Ke8 $18
1/2-1/2

[Event "58. BEM 2004"]
[Site "Dortmund"]
[Date "2004.03.18"]
[Round "8.4"]
[White "Kartsev, Soel"]
[Black "Mrozinski, Werner"]
[Result "1-0"]
[WhiteElo "2172"]
[BlackElo "1965"]
[Annotator "Fritz 7 (15s)"]
[PlyCount "65"]
[EventDate "2004.??.??"]
[Source "SG Dortmund"]
[SourceDate "2004.12.16"]

{A43: Schmid Benoni
} 1. d4 c5 2. c3 g6 3. dxc5 (3. Nf3 Bg7 4. Bg5 (4. Bf4 cxd4
5. cxd4 Qb6 6. Qd2 Nc6 7. e3 Nf6 8. Nc3 d6 9. Be2 Bf5 10. h3 O-O 11. O-O e5 12.
Bh2 Rac8 13. Rfd1 Ne4 14. Nxe4 Bxe4 15. Ng5 d5 16. Nxe4 dxe4 17. d5 Nb4 18. a3
Na6 19. b4 Rfd8 20. Rac1 Rxc1 21. Qxc1 Nb8 22. Qc4 f5 23. d6+ Kh8 24. Qe6 Nd7
25. Bg3 Nf8 26. Qe7 Rd7 27. Bxe5 {
1-0 Arias,R-Gonzalez Acosta,J/San Jose 2001/CBM 82 ext (27)}) 4... Qa5 5. Nbd2
Nf6 6. Bxf6 Bxf6 7. e3 O-O 8. Bc4 d6 9. O-O {
1/2-1/2 Reefschlaeger,H-Kunsztowicz,U/Hamburg 1990/EXT 97 (9)}) 3... Bg7 4. e4
a5 $146 (4... Qc7 5. Be3 Nf6 6. f3 (6. Nd2 O-O 7. Be2 a5 8. Qa4 Na6 9. Qa3 d6
10. cxd6 exd6 11. Ngf3 Bd7 12. Nc4 b5 13. Nb6 Rab8 14. Nxd7 Nxd7 15. O-O Nac5
16. Bd4 Nxe4 17. Bxg7 Kxg7 18. Nd4 b4 19. cxb4 axb4 20. Qh3 Ndf6 {
Kuhn,G-Bokelbrink,U/Pinneberg 1998/EXT 2002/0-1 (36)}) 6... a5 7. Na3 {
1/2-1/2 Weiss,O-Duppel,M/GER 1996/EXT 2001 (7)}) 5. Nf3 Na6 6. Be3 Qc7 7. Bxa6
Rxa6 8. Nbd2 Nf6 9. h3 O-O 10. O-O Nh5 11. Bd4 (11. Re1 Re8 $16) 11... Nf4 12.
Bxg7 Kxg7 13. b4 d6 {Punkt e5} 14. Nb3 (14. b5 $142 $5 {sieht gut aus} 14...
Ra8 15. cxd6 Qxd6 16. Kh1 $14) 14... dxc5 $11 15. Nxc5 Rd6 16. Qe1 b6 17. e5
Rdd8 18. Qe3 $2 (18. Nb3 Ba6 $15) 18... Nxh3+ {Zerstoerung der Bauerndeckung} (
18... bxc5 {ist schnell zu verwerfen} 19. Qxf4 Bb7 20. bxa5 $14) 19. gxh3 bxc5
20. Qxc5 Qxc5 21. bxc5 Rd3 22. Nd4 Rxc3 23. Rac1 Rxh3 24. c6 {
Der Freibauer marschiert} 24... Rd8 (24... Ra3 $5 $11 {ist zu ueberlegen}) 25.
Rfd1 $14 Kg8 26. Nb5 Rhd3 27. Rxd3 Rxd3 28. Na7 Ba6 29. c7 Rd2 (29... h5 $142
$18) 30. Rc6 Bb7 (30... Rd7 31. Rxa6 Rxc7 32. Rxa5 h5 $18) 31. Rb6 Rd1+ 32. Kh2
Rh1+ 33. Kg3 (33. Kg3 Rg1+ 34. Kf4 g5+ 35. Ke3 Re1+ 36. Kd3 Rxe5 37. Rxb7 $18)
1-0

[Event "58. BEM 2004"]
[Site "Dortmund"]
[Date "2004.03.18"]
[Round "8.5"]
[White "Goldschmidt, Christian"]
[Black "Krause, Dieter"]
[Result "1-0"]
[WhiteElo "2109"]
[BlackElo "1873"]
[Annotator "Fritz 7 (15s)"]
[PlyCount "81"]
[EventDate "2004.??.??"]
[Source "SG Dortmund"]
[SourceDate "2004.12.16"]

{B01: Scandinavian Defence
} 1. e4 d5 2. exd5 Qxd5 3. Nc3 Qa5 4. Nf3 Nf6 5. Be2
c6 6. O-O Bg4 7. h3 Bh5 8. b4 (8. d3 e6 9. Nd4 Bxe2 10. Ndxe2 Nbd7 11. Ng3 Be7
12. Nce4 O-O 13. Nxf6+ Nxf6 {
1/2-1/2 Smirin,I-Oll,L/New York 1994/CBM 41 ext (13)}) 8... Qc7 9. b5 e6 10.
bxc6 bxc6 $146 (10... Nxc6 11. Nb5 Qd7 12. a4 Be7 13. Bb2 O-O 14. d4 Rfd8 15.
c3 Nd5 16. Re1 Rac8 17. Bf1 a6 18. Na3 Na5 19. g4 Bg6 20. Ne5 Qe8 21. c4 Nb6
22. Bc3 Nc6 23. Nxg6 hxg6 24. Qb3 Na8 25. d5 Nb8 26. dxe6 f6 27. Qxb7 {
1-0 Salmensuu,O-Bjarnason,O/Reykjavik 2000/CBM 75 ext (27)}) (10... Qxc6 $4 11.
Bb5 $18) 11. Nd4 Bxe2 12. Qxe2 Be7 13. Re1 O-O 14. Rb1 Bc5 15. Nf3 Nbd7 16. Bb2
Rfe8 17. Ne4 Bf8 18. Nxf6+ Nxf6 19. Bxf6 gxf6 20. Qa6 Rab8 21. Rb3 Rxb3 22.
axb3 Qb6 23. Ra1 Bc5 24. Qxb6 axb6 25. Kf1 Kg7 26. Ke2 Kg6 27. Ra7 Re7 28. Ra8
Rc7 29. Rg8+ Kh6 30. Nh2 f5 31. g4 Bd6 32. Nf3 fxg4 33. hxg4 f5 (33... b5 $5
$14 {kommt in Betracht}) 34. gxf5 $16 exf5 35. Nd4 Rf7 36. Nxc6 Rg7 37. Re8 Kg5
38. Kf3 Rf7 39. d4 h5 40. Nd8 Rc7 $4 {
der Druck provoziert den entscheidenden Fehler} (40... Rh7 $142 41. Kg2 f4 $18)
41. Ne6+ (41. Ne6+ Kf6 42. Nxc7 Bxc7 43. Rc8 $18) 1-0

[Event "58. BEM 2004"]
[Site "Dortmund"]
[Date "2004.03.18"]
[Round "8.6"]
[White "Zeldin, Vitali"]
[Black "Schiefelbusch, Dirk"]
[Result "0-1"]
[WhiteElo "1918"]
[BlackElo "2103"]
[Annotator "Fritz 7 (15s)"]
[PlyCount "112"]
[EventDate "2004.??.??"]
[Source "SG Dortmund"]
[SourceDate "2004.12.16"]

{B01: Scandinavian Defence
} 1. e4 d5 2. exd5 Qxd5 3. Nc3 Qd6 4. d4 Nf6 5. Nf3
Bg4 6. Be2 e6 (6... a6 7. Be3 e6 8. Qd2 Nc6 9. O-O-O O-O-O 10. a3 h6 11. h3 Bf5
12. Bf4 Qd7 13. Qe3 Nd5 14. Nxd5 Qxd5 15. Qc3 Bd6 16. Be3 Be4 17. Rhg1 Rhe8 18.
Nd2 Bg6 19. Bf3 Qa5 20. Qxa5 Nxa5 21. b4 {
Boudy,J-Valdes Castillo,A/Sagua la Grande 1988/EXT 2002/1-0 (41)}) 7. O-O Be7 (
7... Nc6 8. Re1 O-O-O 9. Be3 h6 10. Qd2 a6 11. Rad1 g5 12. h3 Bh5 13. Ne5 Nxe5
14. dxe5 Qxd2 15. Rxd2 Bxe2 16. Rexe2 Nd7 17. a3 Bg7 18. f4 gxf4 19. Bxf4 h5
20. Rd1 Bh6 21. Bxh6 Rxh6 22. Re4 {
Castillo Menendez,M-Gomis Ortola,M/Oropesa del Mar 2001/EXT 2002/0-1 (59)}) 8.
h3 $146 (8. Be3 O-O 9. Nb5 Qd8 10. c4 a6 11. Nc3 Nc6 12. Ne5 Bxe2 13. Nxe2 Nxe5
14. dxe5 Nd7 15. Bd4 b5 16. b3 c5 17. Bc3 Qc7 18. f4 Rfd8 19. Qc2 Nb8 20. f5
exf5 21. Qxf5 Bf8 22. e6 fxe6 23. Qxe6+ Kh8 24. Rf7 Qc6 25. Qf5 Nd7 26. Rd1 Ra7
27. Rdxd7 Raxd7 28. Rxf8+ {
1-0 Nguyen Aky,G-Chiche,J/Montlucon 1997/EXT 2001 (28)}) 8... Bh5 9. Be3 a6 {
Verwehrt dem Gegner b5} 10. Ne5 Bxe2 11. Nxe2 Nc6 12. Nd3 Nd5 13. Bc1 O-O 14.
c3 {Kontrolliert b4} 14... Rfe8 15. Ng3 Qd7 16. Re1 Rad8 17. Qf3 b5 18. Bd2 b4
19. Rac1 a5 20. Ne4 bxc3 21. bxc3 Nf6 22. Nec5 {
Der weisse Springer auf dem Vorposten c5} 22... Qd5 23. Qxd5 Nxd5 24. Rb1 Rb8
25. Nd7 Rbd8 26. N7c5 (26. N7e5 Nxe5 27. Nxe5 Bf6 $14) 26... Rb8 27. Nd7 Rbd8
28. N7e5 Nxe5 29. Nxe5 (29. dxe5 $2 Nb6 30. Re3 Nc4 $19) 29... Bd6 30. Nc6 Ra8
31. Rb5 (31. c4 $142 $5 Nb4 32. Bxb4 Bxb4 33. Re2 $16) 31... Nb6 $14 32. g3 {
Ueberdeckt f4} ({Schlechter scheint} 32. Rxa5 Nc4 33. Rxa8 Rxa8 $11) ({
Weniger gut ist} 32. Nxa5 Rxa5 {Beseitigung einer Deckungsfigur: a5} 33. Rxa5
Nc4 $11) 32... f6 {Es geht um e5+g5} 33. Bf4 Bxf4 34. gxf4 Kf7 35. f5 exf5 36.
Rxe8 Rxe8 37. Nxa5 Re2 38. Rc5 Rxa2 39. Rxc7+ Kg6 40. Nc6 Rc2 41. Ne7+ Kg5 42.
Kg2 Kf4 43. Rc6 Na4 44. d5 Nb2 (44... Nxc3 $2 {ist falsch} 45. d6 Ke5 46. d7
$18) 45. d6 Rd2 46. c4 Ke5 47. c5 Nd3 48. Nc8 Nxf2 49. Rc7 (49. Kf1 Ke4 50. d7
Kf3 $11) 49... Ne4+ 50. Kg1 Kf4 51. Rxg7 Kf3 52. h4 $4 {
verschlechtert die Stellung weiter} (52. Ra7 $142 f4 53. Ra3+ Ke2 54. Ra1 $19)
52... f4 53. d7 Ng3 54. Rxg3+ fxg3 55. d8=Q (55. d8=R {nuetzt auch nichts mehr}
55... Rxd8 56. Nd6 Ra8 57. c6 Ra1#) 55... Rxd8 56. Nd6 Ra8 (56... Ra8 57. c6
Ra1#) 0-1